| 000 | 00437nam a2200169Ia 4500 | ||
|---|---|---|---|
| 008 | 230718s9999 xx 000 0 und d | ||
| 020 | _a9788183711791 | ||
| 041 | _aeng | ||
| 082 |
_a621.384'5 _bBEH |
||
| 100 |
_aBehera G.K. _9170657 |
||
| 245 | _aMobile Communication | ||
| 260 |
_c2008 _bScitech Pub |
||
| 300 | _a781 | ||
| 365 |
_cRs. _b390.00 |
||
| 700 |
_aBehera G.K. & Das L. _9190809 |
||
| 906 |
_dB:358729-Apr-2011 _cME ETC _b78 |
||
| 999 |
_c327729 _d327729 |
||